000 00567nam a2200157 i 4500
001 91494
003 ES-MaACL
005 20230906180731.0
007 t|
008 050131s1954 sp ||||1| spa d
245 0 0 _aLibro I de la Ley de Construcciones escolares de 22 de diciembre de 1953
_b: Guía, desarrollo y aplicación de la Ley /
_cpor Damián Estades Rodríguez.
260 _aBurgos :
_b[s.n.,
_c1954] (
_fHijos de S. Rodríguez)
300 _a184 pág., 1 hoj. pleg. ;
_c23 cm.
700 1 _aEstades Rodríguez, Damián.
_948000
852 _aES-MaACL
_jP-1015
999 _c91494
_d91494